| 000 | 00903cam a2200265 a 4500 | ||
|---|---|---|---|
| 001 | 4415613 | ||
| 005 | 20180827040358.0 | ||
| 008 | 930719s1993 enka b 001 0 eng c | ||
| 010 | _a 93028473 | ||
| 020 |
_a075061336X : _c£49.50 |
||
| 040 |
_aDNLM/DLC _cDLC _dDLC |
||
| 041 | _aeng | ||
| 060 | 0 | 0 | _aWF 102 N972a 1993 |
| 080 | _a612.202 | ||
| 082 | 0 | 0 |
_a612.202 _220 |
| 100 | 1 | _a9 | |
| 101 | _aFIZI | ||
| 240 | 1 | 0 | _aApplied respiratory physiology |
| 245 | 1 | 0 |
_aNunn's applied respiratory physiology / _cJ.F. Nunn ; foreword by John W. Severinghaus. |
| 504 | _aIncludes bibliographical references (p. 594-643) and index. | ||
| 740 | 0 | _aApplied respiratory physiology. | |
| 906 |
_a7 _bcbc _corignew _d1 _eocip _f19 _gy-gencatlg |
||
| 942 |
_2ddc _cBK |
||
| 999 |
_c47329 _d47329 |
||